| 000 | 00514nam 22001933 4500 | ||
|---|---|---|---|
| 001 | 198425 | ||
| 010 | _a978-972-576-462-6 | ||
| 021 |
_aPT _b255471/07 |
||
| 090 | _a198425 | ||
| 100 | _a20251014d u||y0pory50 ba | ||
| 200 |
_aOs Bombeiros _eum livro com janelas |
||
| 210 |
_aLisboa _cDinalivro _dD. L. 2007 |
||
| 215 |
_a[18] p. _cil. ; cartonado _d28 cm |
||
| 225 | _aconhecer a brincar | ||
| 606 |
_9235 _aLiteratura infantil |
||
| 675 |
_a821-93 _vPT _zpor |
||
| 801 |
_aPT _bBMMN _gRPC |
||
| 830 | _cIsabel | ||
| 990 | _cLIVROS | ||